000 00693nam a2200289Ia 4500
005 20260324111234.0
008 008 260324s9999 xx 000 0 eng d
020 _a9781003532590
037 _aEBOOK
040 _aCRL
040 _beng
040 _cCRL
041 _2eng
041 _aeng
084 _qCRL
100 _aBarry Maletzky
_91137729
245 0 _aSexual Offenders and the Criminal System
245 0 _bPerceptions, Beliefs, and Science
260 _bTaylor and Francis
260 _c2025
365 _a
365 _b230
856 _uhttp://www.taylorfrancis.com/books/9781003532590
942 _cEBOOK
999 _c1726485
_d1726485